|
|
|
|
| LEADER |
00871nab a2200217 i 4500 |
| 001 |
publ28809 |
| 005 |
20231121143836.0 |
| 008 |
231121s2023 hu o 0|| Angol d |
| 022 |
|
|
|a 1841-9364
|
| 024 |
7 |
|
|a 34006417
|2 mtmt
|
| 040 |
|
|
|a SZTE Publicatio Repozitórium
|b hun
|
| 041 |
|
|
|a Angol
|
| 100 |
1 |
|
|a Kocsisné Gráff Myrtill
|
| 245 |
1 |
4 |
|a The effect of the BCS and the age of hungarian merino ewes during pregnancy on reproduction
|h [elektronikus dokumentum] /
|c Kocsisné Gráff Myrtill
|
| 260 |
|
|
|c 2023
|
| 300 |
|
|
|a 23-28
|
| 490 |
0 |
|
|a LUCRARI STIINTIFICE ZOOTEHNIE SI BIOTEHNOLOGII / SCIENTIFIC PAPERS ANIMAL SCIENCE AND BIOTECHNOLOGIES (2004-)
|v 56 No. 1
|
| 650 |
|
4 |
|a Állattenyésztési és tejtermelési tudomány
|
| 700 |
0 |
1 |
|a Tóth Violetta
|e aut
|
| 700 |
0 |
1 |
|a Mikó Edit
|e aut
|
| 856 |
4 |
0 |
|u http://publicatio.bibl.u-szeged.hu/28809/1/Myrtill.pdf
|z Dokumentum-elérés
|